| 000 | 00349 a2200145 4500 | ||
|---|---|---|---|
| 001 | 154131 | ||
| 040 | _cEscola São Tomás de Aquino | ||
| 100 | _aGARCIA, Auxiliadora Magalhães | ||
| 240 | 1 | 0 |
_aOs Deuses não dormem _lpor |
| 245 | 1 | 0 | _aOs Deuses não dormem |
| 300 | _a206 | ||
| 362 | 0 | _a1999 | |
| 697 | _aLITERATURA BRASILEIRA | ||
| 942 | _cBK | ||
| 999 |
_c154131 _d154131 |
||